Convenios de correspondencia gremial en materia previsional (Registro nro. 27694)
[ vista simple ]
| 000 -LEADER | |
|---|---|
| fixed length control field | 00352 a2200109 4500 |
| 001 - CONTROL NUMBER | |
| control field | ART_19186 |
| 005 - DATE AND TIME OF LATEST TRANSACTION | |
| control field | 20260410161921.0 |
| 008 - FIXED-LENGTH DATA ELEMENTS--GENERAL INFORMATION | |
| fixed length control field | 260409a |
| 100 1# - MAIN ENTRY--PERSONAL NAME | |
| Personal name | Capon Filas, Rodolfo E. |
| 245 10 - TITLE STATEMENT | |
| Title | Convenios de correspondencia gremial en materia previsional |
| 773 0# - HOST ITEM ENTRY | |
| Title | La información |
| Related parts | - Tomo XXXIX, Nº 592 (abr. 1979) |
| Record control number | REV14902 |
No hay ítems disponibles.